| 000 | 00000nam##2200000za#4500 |
| 001 | 9.570557 |
| 003 | CaOODSP |
| 005 | 20210624182309 |
| 007 | cr ||||||||||| |
| 008 | 150406|1994||||xxc|||||o f|0| 0 eng|d |
| 040 | |aCaOODSP|beng |
| 043 | |an-cn--- |
| 086 | 1 |aC21-24/3-1994E-PDF |
| 110 | 1 |aCanada.|bIndustry Canada. |bMicro-Economic Analysis Directorate. |
| 245 | 10|aInternational R&D spillovers between industries in Canada and the United States / |h[electronic resource]|cby Jeffrey I. Berstein. |
| 260 | |aOttawa - Ontario : |bIndustry Canada. |cSeptember 1994. |
| 300 | |a71p.|btables |
| 490 | 1 |aWorking paper series|vNo. 3 |
| 504 | |aBibliography. |
| 590 | |a12-10-Supp|b2012-03-23 |
| 720 | 1 |aBernstein, Jeffrey I. |
| 775 | 08|tDébordements transfrontaliers de R&D entre les industries du Canada et des États-Unis / |w(CaOODSP)9.601204 |
| 776 | 0#|tDébordements transfrontaliers de R&D entre les industries du Canada et des États-Unis / |w(CaOODSP)9.524851 |
| 776 | 0#|tInternational R&D spillovers between industries in Canada and the United States / |w(CaOODSP)9.524850 |
| 830 | #0|aWorking paper series ;|vNo. 3|w(CaOODSP)9.504711 |
| 856 | 40|ahttp://publications.gc.ca|qPDF|s216 KB|uhttps://publications.gc.ca/collections/Collection/C21-24-3-1994E.pdf|yNo. 3 |